Waiting for godot (Record no. 2326)
[ view plain ]
| 000 -LEADER | |
|---|---|
| fixed length control field | 00534nam a22002057a 4500 |
| 003 - CONTROL NUMBER IDENTIFIER | |
| control field | UUm |
| 005 - DATE AND TIME OF LATEST TRANSACTION | |
| control field | 20140310181729.0 |
| 008 - FIXED-LENGTH DATA ELEMENTS--GENERAL INFORMATION | |
| fixed length control field | 130311t xxu||||| |||| 00| 0 eng d |
| 020 ## - INTERNATIONAL STANDARD BOOK NUMBER | |
| International Standard Book Number | 0571058086 |
| 050 ## - LIBRARY OF CONGRESS CALL NUMBER | |
| Classification number | PR 6003 |
| Item number | .B396 2000 |
| 082 ## - DEWEY DECIMAL CLASSIFICATION NUMBER | |
| Classification number | IB 842.914 |
| Item number | B38 2000 |
| 245 ## - TITLE STATEMENT | |
| Title | Waiting for godot |
| Remainder of title | a tragicomedy in two acts |
| Statement of responsibility, etc | Samuel Beckett |
| 260 ## - PUBLICATION, DISTRIBUTION, ETC. (IMPRINT) | |
| Place of publication, distribution, etc | London |
| Name of publisher, distributor, etc | Faber and Faber |
| Date of publication, distribution, etc | 1965 |
| 300 ## - PHYSICAL DESCRIPTION | |
| Extent | 93 p. |
| Dimensions | 20cm. |
| 521 ## - TARGET AUDIENCE NOTE | |
| Target audience note | |
| 526 ## - STUDY PROGRAM INFORMATION NOTE | |
| Reading level | 1070L-1220L |
| 541 ## - IMMEDIATE SOURCE OF ACQUISITION NOTE | |
| -- | 1 |
| 562 ## - COPY AND VERSION IDENTIFICATION NOTE | |
| Number of copies | 1 |
| 942 ## - ADDED ENTRY ELEMENTS (KOHA) | |
| Source of classification or shelving scheme | Library of Congress Classification |
| Koha item type | |
| Call number prefix | |
| Withdrawn status | Lost status | Source of classification or shelving scheme | Damaged status | Home library | Current library | Shelving location | Date acquired | Total Checkouts | Total Renewals | Full call number | Barcode | Date last seen | Date checked out | Copy number | Price effective from | Koha item type |
|---|---|---|---|---|---|---|---|---|---|---|---|---|---|---|---|---|
| Library of Congress Classification | Luxembourg Library | Luxembourg Library | International Baccalaureate Section | 03/11/2013 | 1 | 19 | PR 6003 .B396 1955 | 13968 | 06/21/2019 | 01/09/2019 | 1 | 03/11/2013 | Books |